000 00372nam a2200145Ia 4500
008 231129s1974||||xx |||||||||||||| ||spa||
020 _a84-226-9619-X
040 _bspa
082 _aF843 G356s
100 _aGerard Nicole
245 0 _aSiete anos de carcel
260 _c1974
264 _aCirculo de Lectores
942 _2ddc
_cBKS
999 _c24587
_d24587